<?xml version="1.0" encoding="UTF-8"?>
<marc:record xmlns:marc="http://www.loc.gov/MARC21/slim">
   <marc:leader>00000nam a2200000 a 4500</marc:leader>
   <marc:datafield ind1="1" ind2=" " tag="100">
      <marc:subfield code="a">Kuntz, Bernhard</marc:subfield>
      <marc:subfield code="4">aut</marc:subfield>
      <marc:subfield code="e">Verfasser/-in</marc:subfield>
   </marc:datafield>
   <marc:datafield ind1=" " ind2=" " tag="653">
      <marc:subfield code="a">Beratungsbetrieb</marc:subfield>
   </marc:datafield>
   <marc:datafield ind1=" " ind2=" " tag="653">
      <marc:subfield code="a">Kundenmanagement</marc:subfield>
   </marc:datafield>
   <marc:datafield ind1=" " ind2=" " tag="653">
      <marc:subfield code="a">Pressearbeit</marc:subfield>
   </marc:datafield>
   <marc:datafield ind1="0" ind2="0" tag="245">
      <marc:subfield code="a">Warum kennt den jeder?</marc:subfield>
   </marc:datafield>
   <marc:datafield ind1="0" ind2="0" tag="245">
      <marc:subfield code="b">wie Sie als Berater durch Pressearbeit Ihre Bekanntheit steigern und leichter lukrative Aufträge an Land ziehen</marc:subfield>
   </marc:datafield>
   <marc:datafield ind1="0" ind2="0" tag="245">
      <marc:subfield code="c">Bernhard Kuntz</marc:subfield>
   </marc:datafield>
   <marc:datafield ind1=" " ind2="1" tag="264">
      <marc:subfield code="a">Bonn</marc:subfield>
      <marc:subfield code="b">ManagerSeminare-Verl.-GmbH</marc:subfield>
      <marc:subfield code="c">2008</marc:subfield>
   </marc:datafield>
   <marc:datafield ind1="1" ind2=" " tag="520">
      <marc:subfield code="a">Angaben aus der Verlagsmeldung

Warum kennt den jeder? : Wie Sie als Berater durch Pressearbeit Ihre Bekanntheit steigern und leichter lukrative Aufträge an Land ziehen / von Bernhard Kuntz

Trainer und Berater verkaufen strukturierte Kommunikation. Deshalb spielt für sie die Kommunikationspolitik eine viel entscheidendere Rolle, als für einen Hersteller von Gebrauchsgütern. Wie Berater mithilfe von konsequent betriebener PR den Verkauf ihrer Leistungen erleichtern, wie sie dazu die Mitwirkung der Presse erlangen, welche Botschaften sie in welchen Medien kommunizieren, wie sie journalistisch schreiben, Bilder oder andere unterstützende Illustrationsmittel einsetzen und wie sie schließlich eine PR-Aktion planen und durchführen, das erfährt der Leser in diesem Ratgeber.
</marc:subfield>
   </marc:datafield>
   <marc:datafield ind1=" " ind2=" " tag="020">
      <marc:subfield code="a">9783936075755</marc:subfield>
      <marc:subfield code="9">9783936075755</marc:subfield>
   </marc:datafield>
   <marc:datafield ind1=" " ind2=" " tag="041">
      <marc:subfield code="a">ger</marc:subfield>
   </marc:datafield>
   <marc:datafield ind1=" " ind2=" " tag="300">
      <marc:subfield code="a">264 S.</marc:subfield>
   </marc:datafield>
</marc:record>
